|
|
|
|
| LEADER |
01227nam a2200313 a 4500 |
| 001 |
14639920 |
| 008 |
110125s2006 bg b 001 0 eng d |
| 010 |
|
|
|a 2006454074
|
| 020 |
|
|
|a 9840517406
|
| 040 |
|
|
|a DLC
|c DLC
|d BD-DhAAL
|
| 042 |
|
|
|a lcode
|
| 043 |
|
|
|a a-ii---
|
| 082 |
0 |
0 |
|a 338.1/85412
|2 22
|
| 999 |
|
|
|c 10391
|d 10391
|
| 999 |
|
|
|c 10391
|
| 999 |
|
|
|c 10391
|
| 100 |
1 |
|
|a Darrac, Pierre-Paul,
|d fl. 1816-1823.
|9 1011
|
| 245 |
1 |
0 |
|a Global blue :
|b Indigo and espionage in colonial Bengal /
|c Pierre-Paul Darrac, Willem van Schendel.
|
| 260 |
|
|
|a Dhaka :
|b University Press Ltd.,
|c 2006.
|
| 300 |
|
|
|a viii, 112 p. ;
|c 22 cm.
|
| 504 |
|
|
|a Includes bibliographical references (p. [105]-108) and index.
|
| 541 |
1 |
|
|e 00021778
|
| 650 |
|
0 |
|a Indigo industry
|z India
|z Bengal
|x History
|y 19th century.
|9 1012
|
| 650 |
|
0 |
|a Plantations
|z India
|z Bengal
|x History
|y 19th century.
|9 1013
|
| 650 |
|
0 |
|a Espionage
|z India
|z Bengal
|x History
|y 19th century.
|9 1014
|
| 700 |
1 |
|
|a Schendel, Willem van.
|9 1015
|
| 852 |
|
|
|a Ayesha Abed Library
|c General Shelf.
|
| 942 |
|
|
|2 ddc
|c BK
|
| 952 |
|
|
|0 0
|1 0
|2 ddc
|4 0
|6 338_185412000000000_DAR
|7 0
|9 14198
|a BRACUL
|b BRACUL
|c GEN
|d 2011-01-26
|l 2
|o 338.185412 DAR
|p 3010021778
|r 2015-10-05
|s 2015-06-28
|t 1
|w 2011-01-26
|y BK
|